| 000 | 00000nam##2200000za#4500 |
| 001 | 9.660916 |
| 003 | CaOODSP |
| 005 | 20220328113330 |
| 007 | ta |
| 008 | 150407|1999||||xxc||||| f|0| 0 fre|d |
| 020 | |a0-662-64177-9 |
| 040 | |aCaOODSP|bfre |
| 041 | |aeng |
| 041 | |afre |
| 043 | |an-cn--- |
| 086 | 1 |aC28-2/15-1999 |
| 110 | 1 |aCanada. |bIndustrie Canada. |
| 245 | 10|aPrêts aux petites entreprises commerciales |
| 260 | |aOttawa - Ontario : |bIndustrie Canada |c1999. |
| 546 | |aBilingue |
| 563 | |aDépliant |
| 590 | |a01-05|b2001-02-02 |
| 691 | 07|aPetite entreprise|2gcpds |
| 691 | 07|aPrêt à l'entreprise|2gcpds |
| 691 | 07|aEntrepreneuriat|2gcpds |
| 776 | 0#|tPrêts aux petites entreprises commerciales |w(CaOODSP)9.639349 |
| 776 | 0#|tLoans for small business enterprises |w(CaOODSP)9.695203 |
| 791 | |tLoans for small business enterprises |eeng|w(CaOODSP)9.660915 |
| 986 | |a52666B |